000 00879cab a2200253 4500
001 WB3147-15
008 090401t1995 xxu||||| |||| 00| 0 eng d
035 _a(Sirsi) u51407
041 _aeng
245 _aCompetition for capital projects planned
260 _c1995
350 _a0
490 _aFinancial Times
_v14 December 1995, 11(1)
520 _aThe DoE plans to expand its challenge concept by encouraging local authorities to compete for cash for capital projects such as schools and roads as part of the private finance initiative policy to involve private sector investment.
650 _aCAPITAL CHALLENGE
650 _aCAPITAL PROJECTS
650 _aPRIVATE FINANCE INITIATIVE
650 _aPRIVATE SECTOR
650 _aROADBUILDING
650 _aSCHOOLS
690 _aPROPERTY-PROPERTY FINANCE AND INVESTMENT
942 _n0
948 _c04/03/1997
999 _c31933
_d31933